00548nam a2200193 a 4500001001300000003000900013005001700022008004100039020002600080082001500106100001700121245004300138260004300181300000900224500003500233505005000268650001900318700001700337nice12345678IN_TiNIC20260116014054.0050524s1992 newa grp 000 0 eng  a156617X c362.0800a956.1bPAL aPalmer, Alan aDecline and Fall of the Ottoman Empire aNew YorkbBarnes and Noble Booksc1992 a306p aincludes index and biblioraphy2 aGlossary, Notes, Selected Bibliography, Index aHistory-Turkey1 aPalmer, Alan